| 000 | 00565nam a2200193 a 4500 | ||
|---|---|---|---|
| 999 |
_c2278 _d2278 |
||
| 001 | 2278 | ||
| 003 | CDMR | ||
| 005 | 20260102135458.0 | ||
| 008 | 130130s1989||||||||||||||||||||||||||||d | ||
| 040 |
_aCDMR _bcat _cCDMR |
||
| 100 | 1 |
_aMarchand, Jacques _91694 |
|
| 245 | 1 | 3 |
_aLa presse sportive _cJacques Marchand |
| 260 |
_aParís _c1989 _bCentre de Perfectionnament et Formation des Journalistes (CPFJ) |
||
| 300 |
_a79 p ; _c26 cm |
||
| 490 | 0 | _aConnaissance des Médias | |
| 650 | 0 | 4 |
_aPremsa esportiva _91696 |
| 650 | 0 | 0 |
_aPeriodisme esportiu _93383 |
| 942 |
_cMON _2udc |
||